Počítač - pokladnice v službách: Maloobchod a hotely. 3
Charakteristika najčastejšie používaných váh v spojitosti s napojením na pokladnicu alebo s napojením na počítač. Použitie elektronických váh. Prepojenie váh na registračné pokladnice. Programové vybavenie pre sledovanie výdaja tovarov vážených na váhach.
Salvato in:
| Autore principale: | |
|---|---|
| Natura: | Capitolo di libro |
| Lingua: | slovacco |
| Soggetti: | |
| Tags: |
Nessun Tag, puoi essere il primo ad aggiungerne!!
|
MARC
| LEADER | 00000naa a2200000 4500 | ||
|---|---|---|---|
| 001 | r026303 | ||
| 005 | 20230919070815.3 | ||
| 041 | 0 | |a slo | |
| 044 | |a SK | ||
| 245 | 1 | 0 | |a Počítač - pokladnice v službách: Maloobchod a hotely. 3 |c Dušan Marček |
| 520 | |a Charakteristika najčastejšie používaných váh v spojitosti s napojením na pokladnicu alebo s napojením na počítač. Použitie elektronických váh. Prepojenie váh na registračné pokladnice. Programové vybavenie pre sledovanie výdaja tovarov vážených na váhach. | ||
| 610 | 2 | 0 | |a maloobchod |
| 610 | 2 | 0 | |a zariadenia stravovacie |
| 610 | 2 | 0 | |a hotely |
| 610 | 2 | 0 | |a sklady |
| 610 | 2 | 0 | |a pokladnice kontrolné |
| 610 | 2 | 0 | |a váhy |
| 610 | 2 | 0 | |a tovar |
| 610 | 2 | 0 | |a programy počítačové |
| 610 | 2 | 0 | |a technika predaja |
| 100 | 1 | |a Marček, Dušan | |